QCM - Mathématiques - Statistiques

Statistiques générales
  • Ce quiz a été pris 16 fois
    13 depuis la dernière actualisation
  • Le résultat moyen est 9 sur 25
Statistiques - réponses
Question Réponse % Correct
Dans le nombre : 12 581,736 ; quel est le chiffre des unités de mille ? 2
67%
Calculer pour x = -3 : -8x + x(4x + 1) 57
67%
Calculer : 2^4 * 2^2 - 4^0 63
67%
Calculer : -3√5 + √125 + 4√20 10√5
56%
Soit la fonction f telle que f(x) = 1/x. Comment s'appelle cette fonction ? inverse
56%
Quel est le quotient et le reste de la division euclidienne de : 328 divisé par 7 Q = 46 ; R = 6
56%
Résoudre g(x) < -4 S = ]-√3;√3[
56%
Équation : (6 - 5x)(-2x - 8) = 0 S = {-4;1,2}
56%
Inéquation : -7x + 3(5x - 1) > 4x - 2 x > 0,25
56%
Quel est l'ensemble de définition de la fonction f juste dessus ? ]-∞;0[ ∪ ]0;+∞[
44%
Soient a et b, des entiers naturels. Si a < b alors... a² < b²
44%
Quel est l'ensemble de nombres de : 2i + 4 C
44%
Quel est le plus petit ensemble de nombres de : 5/6 * 3/8 D
44%
Et quel est le conjugué du nombre ci-dessus ? 4 - 2i
33%
Qu'affirme la relation de Chasles ? vecAB + vecBC = vecAC
33%
Soit la fonction g telle que g(x) = 4x² - 16. Quelle est l'image de -1 par la fonction g ? -12
22%
Dans un repère orthonormé, soient les points A(-2;4) et B(0;6). Quelles sont les coordonnées du vecteur -AB> ? (2;2)
22%
Voici une série statistique : 7 ; 4 ; 3 ; 19 ; 15 ; 20. Calculer l'écart type, arrondir au dixième. 7,6
22%
Sur la série statistique ci-dessus, calculer l'écart interquartile. 15
11%
Soit ABC un triangle isocèle en B, AC = 7,5 cm et AB = 6,3 cm. Calculer l'aire de ce triangle. Arrondir à l'unité. 19 cm²
11%
Soit un cylindre de rayon 5 cm et de hauteur 8 cm. Calculer le volume de ce solide. 200π cm^3
11%
Soit un hexagone avec chaque côté qui mesure 4 cm. Calculer le périmètre de ce polygone. 24 cm
11%
Soit le triangle ABC rectangle en B. AB = 4 cm et AC = 7 cm. Calculer la longueur BC. √33 cm
11%
Une suite géométrique vérifie u0 = 3 et q = 2. Quelle est u5 ? 96
11%
Quel théorème as-tu utilisé ci-dessus pour répondre à la question ? Pythagore
11%
Aucun quiz correspondant
Distribution des résultats
% des personnes avec chaque résultat
Percentile par nombre de réponses
Votre historique - résultats
Vous n’avez pas pris ce quiz depuis la dernière actualisation